| 000 | 01688nam a2200481 i 4500 | ||
|---|---|---|---|
| 001 | 46167 | ||
| 003 | KOSZ 005 | ||
| 005 | 20201016144415.0 | ||
| 008 | 050613s2005 pl a f f |000 0 pol | ||
| 015 | _aUWD 2005/18009 | ||
| 020 | _a8372075301 | ||
| 020 | _a837207531X | ||
| 035 | _a991027233719705066 | ||
| 035 | _a(PL-WaBN)b17387826-48omnis_nlop | ||
| 035 | _ab17387826 | ||
| 035 | _a(OCoLC)69315867 | ||
| 035 | _a(PL)b0000001738782 | ||
| 035 | _a(EXLNZ-48OMNIS_NETWORK)9910292497805606 | ||
| 040 |
_aWA N _cWA N |
||
| 041 | 0 | _apol | |
| 080 | _a621.18:697](075.8) | ||
| 100 | 1 |
_aMizielińska, Krystyna _eAutor |
|
| 245 | 1 | 0 |
_aGazowe i olejowe źródła ciepła małej mocy / _cKrystyna Mizielińska, Jarosław Olszak. |
| 260 |
_aWarszawa : _bOficyna Wydawnicza Politechniki Warszawskiej, _c2005. |
||
| 300 |
_a275 s. : _brys., wykr. ; _c24 cm. |
||
| 336 |
_aTekst _btxt _2rdacontent |
||
| 337 |
_aBez urządzenia pośredniczącego _bn _2rdamedia |
||
| 338 |
_aWolumin _bnc _2rdacarrier |
||
| 380 | _aKsiążki | ||
| 380 | _aPublikacje dydaktyczne | ||
| 385 |
_mPoziom nauczania _aSzkoły wyższe |
||
| 388 | _a2001- | ||
| 504 | _aBibliogr. s. 271-273, wykaz norm i rozporządzeń s. 273-275. | ||
| 650 | 7 |
_aKotłownie _2DBN |
|
| 650 | 7 |
_aOgrzewanie centralne _2DBN |
|
| 655 | 7 |
_aPodręczniki akademickie _2DBN |
|
| 658 | _aInżynieria i technika | ||
| 700 | 1 |
_aOlszak, Jarosław _eAutor |
|
| 710 | 2 |
_aOficyna Wydawnicza Politechniki Warszawskiej _4pbl |
|
| 856 |
_uhttp://koha.tu.koszalin.pl/cgi-bin/koha/opac-detail.pl?biblionumber=46167 _yKAtalog online BPK |
||
| 942 |
_2UKD _cKS |
||
| 999 |
_c46167 _d46167 |
||